[Event "Russian Rapid GP 2015"]
[Site "Khanty-Mansiysk RUS"]
[Date "2015.12.14"]
[Round "10"]
[White "Maletin, Pavel"]
[Black "Shomoev, Anton"]
[Result "1/2-1/2"]
[WhiteTitle "GM"]
[BlackTitle "GM"]
[WhiteElo "2577"]
[BlackElo "2561"]
[WhiteFideId "4146786"]
[BlackFideId "4135148"]
[EventDate "2015.12.13"]

1. c4 e6 2. d4 d5 3. Nf3 Nf6 4. g3 Bb4+ 5. Bd2 Be7 6. Bg2 O-O 7. O-O c6 8. Qc2
b6 9. Bf4 Ba6 10. b3 Nbd7 11. Rd1 Nh5 12. Bc1 Nhf6 13. Bf4 Nh5 14. Bc1 Nhf6 15.
Bf4 1/2-1/2

[Event "Russian Rapid GP 2015"]
[Site "Khanty-Mansiysk RUS"]
[Date "2015.12.15"]
[Round "11"]
[White "Shomoev, Anton"]
[Black "Bocharov, Dmitry"]
[Result "1/2-1/2"]
[WhiteTitle "GM"]
[BlackTitle "GM"]
[WhiteElo "2561"]
[BlackElo "2558"]
[WhiteFideId "4135148"]
[BlackFideId "4138716"]
[EventDate "2015.12.13"]

1. e4 d6 2. d4 Nf6 3. Nc3 g6 4. f4 Bg7 5. Nf3 O-O 6. e5 dxe5 7. fxe5 Nd5 8. Bc4
Nxc3 9. bxc3 c5 10. O-O Nc6 11. Ng5 e6 12. Be3 Bh6 13. Qg4 Bg7 14. Rad1 cxd4 15.
cxd4 b5 16. Bb3 Ne7 17. Ne4 Bb7 18. Nd6 Bd5 19. Bg5 Bxb3 20. axb3 Qd7 21. Bxe7
Qxe7 22. Nxb5 Rad8 23. Nd6 f6 24. Qe4 fxe5 25. Rxf8+ Rxf8 26. dxe5 Qc7 27. Nc4
Rf5 28. g3 Bf8 29. Kg2 Bc5 30. Rf1 Qd7 31. Rxf5 gxf5 32. Qa8+ Kg7 33. Nd6 Bxd6
34. exd6 Qxd6 35. Qxa7+ Kg6 36. Qf2 e5 37. Qe2 Qd5+ 38. Kh3 e4 39. b4 Qd4 40. b5
e3 41. Kg2 h5 42. c4 h4 43. gxh4 Qe4+ 44. Kh3 f4 45. Qg4+ Kf7 46. Qd7+ Kf8 47.
Qc8+ Kf7 48. Qc7+ Kf8 49. Qd6+ Kf7 50. Qd7+ Kf8 51. Qd6+ Kf7 52. Qc7+ Kf8 53.
Qd6+ 1/2-1/2

[Event "Russian Rapid GP 2015"]
[Site "Khanty-Mansiysk RUS"]
[Date "2015.12.15"]
[Round "11"]
[White "Girya, Olga"]
[Black "Alekseev, Evgeny"]
[Result "0-1"]
[WhiteTitle "WGM"]
[BlackTitle "GM"]
[WhiteElo "2456"]
[BlackElo "2642"]
[WhiteFideId "4195752"]
[BlackFideId "4138147"]
[EventDate "2015.12.13"]

1. d4 Nf6 2. c4 e6 3. Nf3 d5 4. Nc3 Bb4 5. Bg5 Nbd7 6. e3 c5 7. cxd5 exd5 8. Be2
Qa5 9. O-O c4 10. Qc2 Bxc3 11. bxc3 Ne4 12. Rac1 Nb6 13. Bf4 O-O 14. Nh4 Re8 15.
f3 Nf6 16. g4 Qa4 17. Qd2 Be6 18. Be5 Nfd7 19. Bg3 Qc6 20. Rce1 Nf8 21. Bd1 Ng6
22. Nxg6 hxg6 23. h4 Qd7 24. Bc2 Qd8 25. Qh2 Nd7 26. h5 g5 27. h6 Qf6 28. hxg7
Qxg7 29. Kf2 f6 30. Rh1 Nf8 31. Bd6 Bf7 32. Bxf8 Rxf8 33. Bh7+ Kh8 34. Bf5+ Kg8
35. Bh7+ Kh8 36. Bf5+ Kg8 37. Qc7 Bg6 38. Be6+ Bf7 39. Bf5 Bg6 40. Be6+ Bf7 41.
Qd7 Rad8 42. Bxf7+ Qxf7 43. Qf5 Qd7 44. Qg6+ Qg7 45. Qf5 Qd7 46. Qg6+ Qg7 47.
Qf5 Qd7 48. Qg6+ Qg7 49. Qf5 Qd7 50. Qxd7 Rxd7 51. Rh6 Kg7 52. Reh1 Kf7 53. e4
Ke8 54. Ke3 b5 55. Rg6 Re7 56. Rhh6 Ref7 57. exd5 Kd7 58. Ke4 Re8+ 59. Kf5 Re3
60. f4 Rf3 61. Rxf6 Rxf4+ 62. Kxg5 R4xf6 63. Rxf6 Rxf6 64. Kxf6 b4 65. g5 bxc3
66. g6 c2 67. g7 c1=Q 0-1

[Event "Russian Rapid GP 2015"]
[Site "Khanty-Mansiysk RUS"]
[Date "2015.12.15"]
[Round "11"]
[White "Ubiennykh, Ekaterina"]
[Black "Anikonov, Dmitry"]
[Result "1-0"]
[WhiteTitle "WIM"]
[BlackTitle "FM"]
[WhiteElo "2283"]
[BlackElo "2370"]
[WhiteFideId "4137582"]
[BlackFideId "24178012"]
[EventDate "2015.12.13"]

1. d4 d6 2. Nf3 Nf6 3. c4 g6 4. Nc3 Bf5 5. d5 Bg7 6. Nd4 Bd7 7. e4 O-O 8. Be2 e5
9. Nc2 a5 10. Be3 Na6 11. f3 Nh5 12. Qd2 f5 13. exf5 gxf5 14. O-O-O Nb4 15. g3
f4 16. Bf2 Bf5 17. Ne1 Nf6 18. a3 Na6 19. Bd3 Qd7 20. Qc2 e4 21. fxe4 Bg4 22.
Be2 Bxe2 23. Qxe2 fxg3 24. Bxg3 Nc5 25. Nd3 Nb3+ 26. Kb1 Rae8 27. e5 dxe5 28.
Nxe5 Qf5+ 29. Qc2 Qxc2+ 30. Kxc2 Nc5 31. Nd3 Nxd3 32. Rxd3 Rf7 33. Rf1 Ree7 34.
d6 cxd6 35. Bxd6 Rd7 36. c5 Ne8 37. Rxf7 Kxf7 38. Rf3+ Kg6 39. Bg3 Nc7 40. Rd3
Rf7 41. Rd6+ Kf5 42. Rd3 Kg6 43. b4 axb4 44. axb4 h5 45. Kb3 Ne6 46. Rd6 Kf5 47.
Kc4 Nc7 48. Nd5 h4 49. Bxh4 Be5 50. Nxc7 Rxc7 51. Rd5 b5+ 52. Kxb5 Rb7+ 53. Kc6 1-0

[Event "Russian Rapid GP 2015"]
[Site "Khanty-Mansiysk RUS"]
[Date "2015.12.15"]
[Round "11"]
[White "Evdokimov, Alexander A."]
[Black "Dordzhieva, Dinara"]
[Result "1-0"]
[WhiteTitle "GM"]
[BlackTitle "WIM"]
[WhiteElo "2490"]
[BlackElo "2230"]
[WhiteFideId "4139275"]
[BlackFideId "24157570"]
[EventDate "2015.12.13"]

1. d4 Nf6 2. Nf3 c5 3. d5 b5 4. Bg5 Ne4 5. Bh4 Bb7 6. Qd3 f5 7. a4 c4 8. Qd4
Qa5+ 9. Nbd2 b4 10. Nxe4 fxe4 11. Qxe4 Bxd5 12. Qf4 Nc6 13. e4 Bf7 14. Be2 e5
15. Qd2 h6 16. O-O g5 17. Bg3 Be7 18. Rfd1 O-O-O 19. b3 c3 20. Qd3 d6 21. Qe3
Kc7 22. Bb5 g4 23. Bxc6 Kxc6 24. Nh4 Bg5 25. Qe2 h5 26. Rd3 Qc5 27. Rad1 a5 28.
Nf5 Bd2 29. Bh4 Rd7 30. Bf6 Rf8 31. Be7 Re8 32. Rxd6+ Rxd6 33. Bxd6 Qb6 34. Qd3
Rd8 35. Qg3 Rxd6 36. Nxd6 Kxd6 37. Qh4 Ke6 38. h3 gxh3 39. Qxh3+ Ke7 40. Qc8 Qd6
41. Rf1 h4 42. Qb7+ Kf6 43. Qc8 Be6 44. Qh8+ Kg5 45. g3 hxg3 46. fxg3 Qd4+ 47.
Kh2 Qxe4 48. Rf2 Bd5 49. Qf6+ Kh5 50. Rf5+ Qxf5 51. Qxf5+ Kh6 52. Qf6+ 1-0

[Event "Russian Rapid GP 2015"]
[Site "Khanty-Mansiysk RUS"]
[Date "2015.12.15"]
[Round "11"]
[White "Belous, Vladimir"]
[Black "Smirnov, Pavel"]
[Result "1-0"]
[WhiteTitle "GM"]
[BlackTitle "GM"]
[WhiteElo "2557"]
[BlackElo "2595"]
[WhiteFideId "4174003"]
[BlackFideId "4123425"]
[EventDate "2015.12.13"]

1. Nf3 Nf6 2. g3 d5 3. Bg2 e6 4. O-O Be7 5. d3 O-O 6. Nbd2 c5 7. e4 Nc6 8. Re1
Qc7 9. e5 Nd7 10. Qe2 b5 11. c4 bxc4 12. dxc4 Ba6 13. b3 Nb4 14. Rd1 Nb6 15. h4
Rad8 16. Bb2 h6 17. Nh2 dxc4 18. Nxc4 Rxd1+ 19. Rxd1 Rd8 20. a3 Nc6 21. Rxd8+
Bxd8 22. Qe4 Nxc4 23. bxc4 Nd4 24. Nf3 Bb7 25. Qe3 Bxf3 26. Bxf3 Qxe5 27. Be4 f5
28. Bb7 Qxe3 29. fxe3 Nb3 30. Be5 Nd2 31. Bb8 Bb6 32. Ba6 Kf7 33. a4 Nb3 34. Kf2
Na5 35. Bb5 g5 36. e4 Nb3 37. exf5 exf5 38. Bd7 Kf6 39. Bd6 Nd2 40. Bf8 gxh4 41.
gxh4 Nxc4 42. Bxh6 Ne5 43. Bg5+ Kg6 44. Be8+ Kg7 45. Ke3 Nf7 46. Bf4 c4+ 47. Kd2
Bd4 48. Bb5 Ne5 49. h5 c3+ 50. Kc2 Ng4 51. Kd3 Bf6 52. Bb8 Nf2+ 53. Kc2 Bd4 54.
Bf4 Ng4 55. Bd3 Nf6 56. Bxf5 Nxh5 57. Bd6 Kf7 58. Kd3 Bf6 59. a5 Ng7 60. Be4 Bd8
61. Bd5+ Kf6 62. a6 Ne6 63. Bg3 Nc7 1-0

[Event "Russian Rapid GP 2015"]
[Site "Khanty-Mansiysk RUS"]
[Date "2015.12.15"]
[Round "12"]
[White "Bocharov, Dmitry"]
[Black "Smirnov, Pavel"]
[Result "1-0"]
[WhiteTitle "GM"]
[BlackTitle "GM"]
[WhiteElo "2558"]
[BlackElo "2595"]
[WhiteFideId "4138716"]
[BlackFideId "4123425"]
[EventDate "2015.12.13"]

1. Nf3 Nf6 2. b4 e6 3. a3 a5 4. b5 c5 5. bxc6 bxc6 6. g3 d5 7. Bg2 Bd6 8. Bb2
O-O 9. O-O Nbd7 10. d3 Qe7 11. c4 Ba6 12. Nbd2 e5 13. Qc2 Rfb8 14. e3 a4 15.
Rfb1 Nc5 16. Bc3 e4 17. Bxf6 Rxb1+ 18. Rxb1 exd3 19. Bxe7 dxc2 20. Bxd6 cxb1=Q+
21. Nxb1 Ne4 22. c5 Ra7 23. Nfd2 Rb7 24. Bxe4 dxe4 25. Nc3 Rb2 26. Ndxe4 f5 27.
Ng5 Rb3 28. Nxa4 Rxa3 29. Nb6 Ra1+ 30. Kg2 h6 31. Ne6 g5 32. h3 g4 33. hxg4 fxg4
34. Nf4 h5 35. Nd7 Bb5 36. e4 Ba4 37. Be5 Rb1 38. f3 Kf7 39. fxg4 hxg4 40. Kf2
Rb3 41. Nf6 Rf3+ 42. Kg2 Bc2 43. Bd4 Ra3 44. e5 Ra2 45. e6+ Ke7 46. Kg1 Bb3 47.
Ng8+ Ke8 48. Nh6 Rd2 49. Nf5 1-0

[Event "Russian Rapid GP 2015"]
[Site "Khanty-Mansiysk RUS"]
[Date "2015.12.15"]
[Round "12"]
[White "Pridorozhni, Aleksei"]
[Black "Belous, Vladimir"]
[Result "1/2-1/2"]
[WhiteTitle "GM"]
[BlackTitle "GM"]
[WhiteElo "2563"]
[BlackElo "2557"]
[WhiteFideId "4127870"]
[BlackFideId "4174003"]
[EventDate "2015.12.13"]

1. e4 c5 2. Nf3 e6 3. g3 Nc6 4. Bg2 Nf6 5. Qe2 Be7 6. O-O O-O 7. Re1 d5 8. e5
Nd7 9. d3 b5 10. Nbd2 b4 11. Nf1 a5 12. h4 a4 13. N1h2 Kh8 14. Bf4 a3 15. b3 f6
16. exf6 Bxf6 17. Bg5 Qc7 18. Bxf6 Nxf6 19. Qe3 Qd6 20. Ne5 Nd4 21. Qd2 Bb7 22.
f4 Rae8 23. Nhf3 Nxf3+ 24. Bxf3 Nd7 25. Re2 Nxe5 26. Rxe5 Qxe5 27. fxe5 Rxf3 28.
Rf1 Rxg3+ 29. Kh2 Rg4 30. Qf2 Rg8 31. Kh3 Rg6 32. Qxc5 d4 33. Rf8 h5 34. Rxg8+
Kxg8 35. Qxb4 Bg2+ 36. Kh2 Bd5 37. Qxa3 Rg2+ 38. Kh3 Rxc2 39. Qa4 Kh7 40. Qxd4
Rxa2 41. b4 Ra8 42. b5 Rf8 43. b6 Rf7 44. Kg3 Rf3+ 45. Kh2 Rf7 46. Qe3 g6 47.
Qg5 Kg7 48. Qd8 Rf8 49. Qd6 Rf7 50. Kg1 Kh7 51. Qd8 Kg7 52. Qe8 Rf8 53. Qd7+ Rf7
54. Qc8 Kh7 55. b7 Rxb7 56. Kf2 Rf7+ 57. Ke3 Rf3+ 58. Kd2 Kg7 59. Kc3 Rf8 60.
Qd7+ Rf7 61. Qd8 Rf8 62. Qe7+ Rf7 63. Qg5 Rf5 64. Qg3 Rf3 65. Qe1 Rf4 66. Qg3
Rf3 67. Qg5 1/2-1/2

[Event "Russian Rapid GP 2015"]
[Site "Khanty-Mansiysk RUS"]
[Date "2015.12.15"]
[Round "12"]
[White "Anikonov, Dmitry"]
[Black "Evdokimov, Alexander A."]
[Result "1-0"]
[WhiteTitle "FM"]
[BlackTitle "GM"]
[WhiteElo "2370"]
[BlackElo "2490"]
[WhiteFideId "24178012"]
[BlackFideId "4139275"]
[EventDate "2015.12.13"]

1. d4 Nf6 2. c4 e6 3. Nc3 Bb4 4. Qb3 c5 5. dxc5 Nc6 6. Nf3 Ne4 7. Bd2 Nxd2 8.
Nxd2 Bxc5 9. e3 O-O 10. g3 b6 11. Bg2 Bb7 12. Qd1 f5 13. O-O Be7 14. a3 Bf6 15.
Rc1 Qb8 16. Nf3 Rd8 17. Qe2 a6 18. Rfd1 Na5 19. b4 Nc6 20. Na4 Ne5 21. c5 b5 22.
Nb6 Nxf3+ 23. Bxf3 Bxf3 24. Qxf3 Ra7 25. e4 Qb7 26. Re1 Be5 27. Rcd1 Qc6 28. Qd3
f4 29. Qb3 Rf8 30. Rd3 a5 31. Kg2 axb4 32. axb4 h6 33. f3 Kh7 34. Red1 Rf7 35.
g4 Kh8 36. h4 g5 37. h5 Kh7 38. Qc2 d6 39. Rxd6 Bxd6 40. Rxd6 Qe8 41. e5+ Kg7
42. Qg6+ Kh8 43. Qxh6+ Kg8 44. Qxg5+ Rg7 45. Qh6 Ra2+ 46. Kh3 Rf2 47. Qxf4 Rf7
48. Qg5+ Kh8 49. Qh6+ Kg8 50. Qxe6 Rxf3+ 51. Kh4 Qf8 52. Nd5 Rf1 53. Qg6+ Kh8
54. Qh6+ Qxh6 55. Rxh6+ Kg7 56. Rg6+ Kf8 57. e6 Rh7 58. e7+ Kf7 59. Rf6+ Rxf6
60. e8=Q+ Kxe8 61. Nxf6+ 1-0

[Event "Russian Rapid GP 2015"]
[Site "Khanty-Mansiysk RUS"]
[Date "2015.12.15"]
[Round "12"]
[White "Maletin, Pavel"]
[Black "Girya, Olga"]
[Result "1-0"]
[WhiteTitle "GM"]
[BlackTitle "WGM"]
[WhiteElo "2577"]
[BlackElo "2456"]
[WhiteFideId "4146786"]
[BlackFideId "4195752"]
[EventDate "2015.12.13"]

1. c4 c6 2. Nf3 d5 3. g3 Bg4 4. Qb3 Qb6 5. Ne5 Bf5 6. cxd5 Qxb3 7. axb3 cxd5 8.
Nc3 Nc6 9. Nxc6 bxc6 10. d3 Nf6 11. Bg2 e6 12. Be3 Bb4 13. O-O a5 14. Rfc1 e5
15. Na4 Bd7 16. Bc5 Bxc5 17. Nxc5 Ke7 18. f4 exf4 19. gxf4 Rhb8 20. e4 Rb4 21.
Kf2 Ng4+ 22. Kg3 Nf6 23. Bf3 h6 24. Re1 Kd6 25. Rac1 Ne8 26. exd5 cxd5 27. Nxd7
Kxd7 28. Bxd5 Ra6 29. Bxf7 Nf6 30. Rc5 Rd6 31. Bc4 a4 32. Rb5 Rxb5 33. Bxb5+ Kd8
34. bxa4 Rd4 35. Bc4 Nh5+ 36. Kg4 Nxf4 37. Re4 Rxe4 38. dxe4 Ng6 39. Kf5 Ne7+
40. Ke6 Nc6 41. Kd6 Nd4 42. a5 1-0

[Event "Russian Rapid GP 2015"]
[Site "Khanty-Mansiysk RUS"]
[Date "2015.12.15"]
[Round "13"]
[White "Girya, Olga"]
[Black "Shomoev, Anton"]
[Result "1-0"]
[WhiteTitle "WGM"]
[BlackTitle "GM"]
[WhiteElo "2456"]
[BlackElo "2561"]
[WhiteFideId "4195752"]
[BlackFideId "4135148"]
[EventDate "2015.12.13"]

1. d4 g6 2. c4 Bg7 3. e4 Nc6 4. Nf3 e5 5. dxe5 Nxe5 6. Nxe5 Bxe5 7. Be2 d6 8.
Nc3 Nf6 9. Bh6 Be6 10. O-O Qe7 11. Qb3 c6 12. f4 Bd4+ 13. Kh1 O-O-O 14. Qc2 Ng8
15. Bg5 f6 16. Bh4 g5 17. Bf2 Bxf2 18. Rxf2 Nh6 19. a4 Kb8 20. a5 Nf7 21. a6 b6
22. Bh5 gxf4 23. Bxf7 Bxf7 24. Rxf4 Rhg8 25. b3 Rg6 26. Raf1 Rdg8 27. R1f2 Qe5
28. Ne2 Be6 29. Qd2 Kc7 30. Nd4 Bd7 31. g3 Re8 32. Kg2 Qh5 33. Nf5 Bxf5 34. Rxf5
Qh6 35. Qxh6 Rxh6 36. Rxf6 Rxf6 37. Rxf6 Re7 38. Kf3 b5 39. cxb5 cxb5 40. h4 Kc6
41. b4 h5 42. Rf5 Rh7 43. e5 dxe5 44. Ke4 Kb6 45. Rf6+ Kc7 46. Rf5 Kb6 47. Rf6+
Kc7 48. Kxe5 Rg7 49. Kd5 Rxg3 50. Kc5 Rg4 51. Rf7+ Kb8 52. Rb7+ Kc8 53. Rxa7
Rxh4 54. Rh7 1-0

[Event "Russian Rapid GP 2015"]
[Site "Khanty-Mansiysk RUS"]
[Date "2015.12.15"]
[Round "13"]
[White "Ubiennykh, Ekaterina"]
[Black "Alekseev, Evgeny"]
[Result "0-1"]
[WhiteTitle "WIM"]
[BlackTitle "GM"]
[WhiteElo "2283"]
[BlackElo "2642"]
[WhiteFideId "4137582"]
[BlackFideId "4138147"]
[EventDate "2015.12.13"]

1. d4 Nf6 2. c4 e6 3. Nc3 Bb4 4. Qc2 O-O 5. Nf3 c5 6. dxc5 Na6 7. c6 bxc6 8. e3
Nc5 9. Bd2 d6 10. Be2 e5 11. Rd1 g6 12. Ng5 Qe7 13. f3 a5 14. O-O Bxc3 15. Bxc3
h6 16. Ne4 Nfxe4 17. fxe4 Be6 18. b3 Rfd8 19. Bf3 h5 20. Qf2 h4 21. Rd2 a4 22.
b4 Nd7 23. Rfd1 Nb6 24. c5 dxc5 25. Rxd8+ Rxd8 26. Rxd8+ Qxd8 27. bxc5 Nc4 28.
Be2 Qg5 29. Bxc4 Bxc4 30. Qd2 h3 31. Ba5 hxg2 32. Qd8+ Qxd8 33. Bxd8 Bxa2 34.
Bf6 Bb1 35. Kxg2 Bxe4+ 36. Kf2 a3 37. Bxe5 Kf8 38. Ke2 Ke7 39. Kd2 Ke6 40. Bd4
Kf5 41. Kc3 Bd5 42. Kd3 a2 43. h4 f6 44. Bc3 g5 45. h5 g4 46. Ke2 g3 47. h6 Kg6
48. h7 Kxh7 49. Bxf6 Kg6 50. Bd4 Kf5 51. e4+ Kxe4 52. Bf6 g2 53. Kf2 Kd3 0-1

[Event "Russian Rapid GP 2015"]
[Site "Khanty-Mansiysk RUS"]
[Date "2015.12.15"]
[Round "13"]
[White "Belous, Vladimir"]
[Black "Dordzhieva, Dinara"]
[Result "1-0"]
[WhiteTitle "GM"]
[BlackTitle "WIM"]
[WhiteElo "2557"]
[BlackElo "2230"]
[WhiteFideId "4174003"]
[BlackFideId "24157570"]
[EventDate "2015.12.13"]

1. c4 f5 2. g3 Nf6 3. Bg2 g6 4. d3 Bg7 5. Nc3 e5 6. Nf3 d6 7. O-O Nbd7 8. b4 c6
9. a4 O-O 10. a5 a6 11. Qb3 h6 12. c5+ d5 13. e4 Kh7 14. exd5 cxd5 15. Bb2 e4
16. Nd4 Ne5 17. dxe4 fxe4 18. Na4 Nd3 19. Nb6 Rb8 20. Bc3 Ng4 21. Ra2 Nf6 22.
Rd2 h5 23. c6 Qd6 24. b5 bxc6 25. Nxc6 Rxb6 26. axb6 axb5 27. Na7 Bb7 28. Bd4 b4
29. Rc2 Rf7 30. Nb5 Qe6 31. Rc7 Bc6 32. Nd6 Rd7 33. Rxc6 Rxd6 34. b7 Rxc6 35.
b8=Q Nd7 36. Qa7 Ra6 37. Qxa6 Qxa6 38. Qxd5 Nf6 39. Bxf6 Qxf6 40. Bxe4 Ne5 41.
f4 Ng4 42. Qxh5+ 1-0

[Event "Russian Rapid GP 2015"]
[Site "Khanty-Mansiysk RUS"]
[Date "2015.12.15"]
[Round "13"]
[White "Smirnov, Pavel"]
[Black "Pridorozhni, Aleksei"]
[Result "0-1"]
[WhiteTitle "GM"]
[BlackTitle "GM"]
[WhiteElo "2595"]
[BlackElo "2563"]
[WhiteFideId "4123425"]
[BlackFideId "4127870"]
[EventDate "2015.12.13"]

1. d4 d5 2. c4 c6 3. Nf3 Nf6 4. Nc3 a6 5. e3 b5 6. b3 Bg4 7. Be2 e6 8. h3 Bh5 9.
g4 Bg6 10. Ne5 Nfd7 11. Nxg6 hxg6 12. Qc2 Be7 13. Bf3 Nb6 14. c5 N6d7 15. Bg2 a5
16. O-O Na6 17. e4 Nb4 18. Qe2 dxe4 19. Nxe4 Nd5 20. Bd2 Qc7 21. Rac1 Kf8 22. f4
a4 23. f5 gxf5 24. gxf5 e5 25. Nc3 Nxc3 26. Bxc3 exd4 27. Bxd4 Bf6 28. Bxf6 Nxf6
29. bxa4 Rxa4 30. Rcd1 Rhh4 31. Rd6 Kg8 32. Rxc6 Qa7 33. Qxb5 Rhb4 34. Rc8+ Kh7
35. Qd3 Rd4 36. Qe3 Qd7 37. Rc6 Rxa2 38. Rd6 Rxd6 39. cxd6 Qxd6 40. Rf2 Ra1+ 41.
Rf1 Ra3 42. Qf4 Qxf4 43. Rxf4 Kh6 44. Rb4 Nh5 45. Rb7 f6 46. Rb4 Kg5 47. Kh2 Ra2
48. h4+ Kxf5 49. Kg1 Nf4 50. Bf3 Ke5 51. Re4+ Kf5 52. Rb4 Ne2+ 53. Kf1 Ng3+ 54.
Kg1 Ke5 55. Rg4 Nf5 56. Re4+ Kd6 57. Rg4 Ra3 58. Kf2 Ra2+ 59. Kg1 Ra7 60. Kf2
Ke6 61. Rb4 Ke7 62. Rc4 Ra2+ 63. Kg1 Rd2 64. Rf4 Nd4 65. Re4+ Kd6 66. Bh5 Nf5
67. Bg6 Nd4 68. Kf1 Nc6 69. Re8 Rh2 70. h5 Ne7 71. Bf7 Rb2 72. Rd8+ Ke5 73. Rd7
Nf5 74. Bg6 Ne3+ 75. Kg1 Kf4 76. Rxg7 Rg2+ 77. Kh1 Rg4 78. h6 Rh4+ 79. Kg1 Rxh6
80. Bd3 Rh8 81. Be2 Rb8 82. Kf2 Rb2 83. Rd7 Ng4+ 84. Ke1 Ne5 85. Ra7 Rb4 86. Kf2
f5 87. Ra3 Rb2 88. Ra4+ Kg5 89. Ke3 Ng4+ 90. Kf3 Ne5+ 91. Ke3 Rb3+ 92. Kf2 f4
93. Ra2 Kf5 94. Bd1 Rc3 95. Bc2+ Kg5 96. Be4 Ng4+ 97. Kg2 Rg3+ 98. Kh1 Re3 99.
Bc6 Kh4 100. Bd7 Ne5 101. Bc8 f3 102. Kg1 Kg3 103. Ba6 Re1+ 104. Bf1 Ng4 105.
Ra1 Rxa1 0-1

[Event "Russian Rapid GP 2015"]
[Site "Khanty-Mansiysk RUS"]
[Date "2015.12.15"]
[Round "14"]
[White "Bocharov, Dmitry"]
[Black "Pridorozhni, Aleksei"]
[Result "1-0"]
[WhiteTitle "GM"]
[BlackTitle "GM"]
[WhiteElo "2558"]
[BlackElo "2563"]
[WhiteFideId "4138716"]
[BlackFideId "4127870"]
[EventDate "2015.12.13"]

1. c4 e5 2. g3 Nf6 3. Bg2 d5 4. cxd5 Nxd5 5. Nc3 Nb6 6. Nf3 Nc6 7. O-O Be7 8. a3
f5 9. d3 Bf6 10. e4 O-O 11. b4 Kh8 12. Bb2 a6 13. Rc1 Be6 14. exf5 Bxf5 15. Ne4
Bxe4 16. dxe4 Qe7 17. Qb3 Rad8 18. Rfd1 Rxd1+ 19. Rxd1 Rd8 20. Bf1 Rxd1 21. Qxd1
h6 22. Qb3 Nc8 23. b5 axb5 24. Bxb5 Nd8 25. a4 Nd6 26. Bd3 b6 27. Qd5 N8f7 28.
Bc2 Qe8 29. Bb3 Kh7 30. Kg2 Kh8 31. h4 Kh7 32. Bc3 Kh8 33. Nh2 Qc8 34. Nf1 Qg4
35. f3 Qc8 36. Ne3 h5 37. Nc4 Qe8 38. Ne3 g6 39. f4 Kg7 40. f5 g5 41. hxg5 Nxg5
42. Bc2 Ngf7 43. Bb2 Qc8 44. Qd1 Qh8 45. Nd5 Bd8 46. Nf4 Bg5 47. Ne6+ Kf6 48.
Nxc7 Qc8 49. Nd5+ Kg7 50. Bd3 Qc5 51. Qxh5 Nxf5 52. exf5 Qxd5+ 53. Qf3 Qa2 54.
Qe2 Bf6 55. Qc2 Ng5 56. Bc4 1-0

[Event "Russian Rapid GP 2015"]
[Site "Khanty-Mansiysk RUS"]
[Date "2015.12.15"]
[Round "14"]
[White "Dordzhieva, Dinara"]
[Black "Smirnov, Pavel"]
[Result "0-1"]
[WhiteTitle "WIM"]
[BlackTitle "GM"]
[WhiteElo "2230"]
[BlackElo "2595"]
[WhiteFideId "24157570"]
[BlackFideId "4123425"]
[EventDate "2015.12.13"]

1. Nf3 Nf6 2. c4 e6 3. g3 d5 4. Bg2 Be7 5. b3 O-O 6. Bb2 c5 7. e3 Nc6 8. cxd5
Nxd5 9. O-O b6 10. d4 Ba6 11. Re1 Ndb4 12. Bc3 cxd4 13. Nxd4 Nxd4 14. Bxd4 Rc8
15. Qg4 Bf6 16. Na3 Nd3 17. Red1 e5 18. Bf1 exd4 19. Bxd3 Bxd3 20. Rxd3 Qe7 21.
Nc4 b5 22. Nd2 Rc3 23. Rxc3 dxc3 24. Ne4 Be5 25. Qe2 f5 26. f4 fxe4 27. fxe5
Qxe5 0-1

[Event "Russian Rapid GP 2015"]
[Site "Khanty-Mansiysk RUS"]
[Date "2015.12.15"]
[Round "14"]
[White "Anikonov, Dmitry"]
[Black "Belous, Vladimir"]
[Result "1/2-1/2"]
[WhiteTitle "FM"]
[BlackTitle "GM"]
[WhiteElo "2370"]
[BlackElo "2557"]
[WhiteFideId "24178012"]
[BlackFideId "4174003"]
[EventDate "2015.12.13"]

1. d4 Nf6 2. c4 g6 3. Nc3 Bg7 4. e4 d6 5. Be2 O-O 6. Be3 Na6 7. Nf3 c5 8. d5 e6
9. h3 Qb6 10. O-O exd5 11. exd5 Bf5 12. Nh4 Bd7 13. Qd2 Rae8 14. Bd3 Nb4 15. Bb1
Qa6 16. a3 Qxc4 17. Nf3 Qa6 18. axb4 Qxa1 19. Bd3 Qxf1+ 20. Bxf1 cxb4 21. Nb5
Bxb5 22. Bxb5 Ra8 23. Bd4 a6 24. Bf1 a5 25. Bb5 Rac8 26. g4 Rc7 27. Bb6 Rcc8 28.
Qd3 Rc1+ 29. Kg2 Ra8 30. Ba4 Ra1 31. b3 Rc1 32. Nd2 Rc3 33. Qb5 Rc2 34. Nc4 Ne4
35. Qd7 Nxf2 36. Bxf2 Bd4 37. Nxd6 Rxf2+ 38. Kg3 Rf6 39. Qe7 Bf2+ 40. Kg2 Bh4
41. Qd7 Rf2+ 42. Kg1 Rf8 43. Bb5 Rf3 44. Bc4 Rd8 45. Qc7 Kg7 46. Ne4 Re8 47. Kg2
Re3 48. Nc5 R8e7 49. Qf4 b5 50. d6 bxc4 51. dxe7 Re2+ 52. Kh1 Re1+ 53. Kg2 Re2+
54. Kh1 Re1+ 1/2-1/2

[Event "Russian Rapid GP 2015"]
[Site "Khanty-Mansiysk RUS"]
[Date "2015.12.15"]
[Round "14"]
[White "Alekseev, Evgeny"]
[Black "Evdokimov, Alexander A."]
[Result "1-0"]
[WhiteTitle "GM"]
[BlackTitle "GM"]
[WhiteElo "2642"]
[BlackElo "2490"]
[WhiteFideId "4138147"]
[BlackFideId "4139275"]
[EventDate "2015.12.13"]

1. e4 c5 2. Nf3 d6 3. d4 cxd4 4. Qxd4 a6 5. h3 Nc6 6. Qe3 g6 7. Be2 Bg7 8. O-O
Nf6 9. c4 O-O 10. Nc3 Nd7 11. b3 Nde5 12. Bb2 f5 13. exf5 Bxf5 14. Rad1 Nxf3+
15. Bxf3 Qd7 16. Bd5+ Kh8 17. g4 Bxg4 18. hxg4 Qxg4+ 19. Qg3 Qh5 20. Kg2 Qf5 21.
Be4 Qe6 22. Rde1 Qf6 23. Rh1 Kg8 24. Nd1 e5 25. Bd5+ Kh8 26. Rxh7+ Kxh7 27. Rh1+
Bh6 28. Bc1 Ne7 29. Rxh6+ Kg7 30. Rh7+ Kxh7 31. Qh3+ 1-0

[Event "Russian Rapid GP 2015"]
[Site "Khanty-Mansiysk RUS"]
[Date "2015.12.15"]
[Round "14"]
[White "Maletin, Pavel"]
[Black "Ubiennykh, Ekaterina"]
[Result "1-0"]
[WhiteTitle "GM"]
[BlackTitle "WIM"]
[WhiteElo "2577"]
[BlackElo "2283"]
[WhiteFideId "4146786"]
[BlackFideId "4137582"]
[EventDate "2015.12.13"]

1. Nf3 Nf6 2. c4 g6 3. g3 Bg7 4. Bg2 O-O 5. Nc3 d6 6. O-O e5 7. d4 Nbd7 8. e4
exd4 9. Nxd4 Re8 10. h3 Nc5 11. Re1 a5 12. Ndb5 Bd7 13. Bf4 Nh5 14. Be3 Qc8 15.
g4 Nf6 16. Bxc5 dxc5 17. e5 Nxg4 18. hxg4 Bxe5 19. Nd5 Kg7 20. Qd2 Bxb5 21. cxb5
Qxg4 22. Re4 Bh2+ 23. Kxh2 Rxe4 24. Bxe4 Qh4+ 25. Kg1 Qxe4 26. Qc3+ Qd4 27. Rd1
Qxc3 28. Nxc3 b6 29. Rd7 Rc8 30. Nd5 a4 31. Rxc7 Rb8 32. Rc6 a3 33. bxa3 Ra8 34.
Rxb6 Rxa3 35. Ra6 Rd3 36. Ne3 Rd4 37. a3 1-0

[Event "Russian Rapid GP 2015"]
[Site "Khanty-Mansiysk RUS"]
[Date "2015.12.15"]
[Round "15"]
[White "Girya, Olga"]
[Black "Bocharov, Dmitry"]
[Result "0-1"]
[WhiteTitle "WGM"]
[BlackTitle "GM"]
[WhiteElo "2456"]
[BlackElo "2558"]
[WhiteFideId "4195752"]
[BlackFideId "4138716"]
[EventDate "2015.12.13"]

1. d4 Nf6 2. c4 e6 3. Nf3 b6 4. g3 Ba6 5. b3 d5 6. cxd5 exd5 7. Bg2 Bb4+ 8. Bd2
Bd6 9. Nc3 O-O 10. O-O Re8 11. Ne5 c6 12. Re1 Rxe5 13. dxe5 Bxe5 14. f4 Bc7 15.
e4 d4 16. Na4 Nbd7 17. Rc1 b5 18. e5 bxa4 19. exf6 Nxf6 20. Bxc6 Rc8 21. Qf3
axb3 22. axb3 Bb6 23. b4 d3+ 24. Kg2 Rc7 25. b5 Bc8 26. h3 h5 27. Rcd1 Bg4 28.
hxg4 hxg4 29. Qxg4 Nxg4 30. Re8+ Qxe8 31. Bxe8 Rc2 32. Kf3 Nf2 0-1